Educación audiovisual : la enseñanza de los medios en la escuela /
Guardado en:
| Autor Principal: | |
|---|---|
| Formato: | Libro |
| Publicado: |
Buenos Aires :
Novedades Educativas,
1995
|
| Materias: | |
| Etiquetas: |
Agregar Etiqueta
Sin Etiquetas, Sea el primero en etiquetar este registro!
|
| LEADER | 00997nam a22001935a 4500 | ||
|---|---|---|---|
| 001 | CEM.cems009079 | ||
| 005 | 20090611103257.0 | ||
| 008 | 130507s1995##################000#0#####d | ||
| 003 | CEMS | ||
| 020 | |a 9879116003 | ||
| 082 | 0 | 4 | |a 371.33 |
| 100 | 1 | |a Aparici, Roberto | |
| 245 | 1 | 0 | |a Educación audiovisual : |b la enseñanza de los medios en la escuela / |c Coordinado Por Roberto Aparici |
| 260 | |a Buenos Aires : |b Novedades Educativas, |c 1995 | ||
| 300 | |a 94 p. | ||
| 505 | 0 | |a Educación audiovisual / Roberto Aparici -- La revolución de la educación audiovisual / Len Masterman -- Conceptos claves de la educación para los niños de comunicación / Katheleen Tyner -- Enfoques sobre el estudio de los medios de comunicación : la representación de estereotipos / Robyn Quin -- Mapas y significados / Costa Criticos -- La enseñanza de los medios en la escuela / Roberto Aparici | |
| 653 | |a Educación | ||
| 653 | |a Medios audiovisuales | ||
| 859 | |a CEMS |b BIB. CEMS - 11 de abril |h 371.33 |i Ap12 |p 18692.95 |t Ej.1 | ||
